00437 2200145 4500245011800000020002200118250001000140100001700150005001900167260003300186041001400219084001200233300003700245336000900282 aThe Art Of Kakeibo b : Mengatasi Kondisi Finansial dengan Seni Mengatur Keuangan Ala JepangcUnda AnggitahText a978-623-5436-21-0 aCet.1 aUnda Anggita a20241007135249 aYogyakartabBUKU BIJAKc2024 aIndonesia a332.024 axii + 180 hal :c13,5 cm * 20 cm atext